|
|
|
|
| LEADER |
00829cam a2200229 7i4500 |
| 001 |
0000036042 |
| 005 |
20191009090000.0 |
| 020 |
|
|
|a 0136144160 (pbk.)
|
| 020 |
|
|
|a 9780136144168 (pbk.)
|
| 040 |
|
|
|a DLC
|
| 090 |
0 |
0 |
|a TH7011
|b .H85 2007
|
| 245 |
0 |
0 |
|a HVAC :
|b level one :
|b level one :
|b trainee guide
|c National Center for Construction Education and Research.
|
| 250 |
|
|
|a 3rd ed.
|
| 260 |
|
|
|a Upper Saddle River, N.J.:
|b Pearson/Prentice Hall,
|c 2007.
|
| 300 |
|
|
|a 1 v. (various pagings);
|c 28 cm.
|
| 490 |
0 |
|
|a Contren learning series
|
| 650 |
0 |
0 |
|a Heating
|
| 650 |
0 |
0 |
|a Ventilation
|
| 650 |
0 |
0 |
|a Air conditioning
|
| 710 |
2 |
|
|a National Center for Construction Education and Research
|
| 997 |
|
|
|a Engineering & Life Sciences, Faculty
|b Engineering, Department
|
| 999 |
|
|
|a 0000043724
|b BOK
|c OPEN SHELF
|e 2nd Floor, Bestari Jaya
|